Obálka Náhled e-knihy:
PDF
Pro půjčování e-knih musíte být přihlášeni.
Jak si půjčit online?

Dívka jménem Willow. Šepot lesa /

Pokračování dobrodružství Willow z čarodějného lesa a jejích třech kamarádek, mladých čarodějek.

Uloženo v:
Série:Dívka jménem Willow, část 2
Hlavní autor: Bohlmann, Sabine, 1969- (Autor)
Další autoři: Lakomá, Kristýna, 1998- (Autor)
Médium: E-kniha
Jazyk:Czech
Vydáno: V Brně : CPress, 2022
Vydání:1. vydání
Témata:
Příbuzné jednotky:Z cyklu:: Dívka jménem Willow
Tagy:
Žádné tagy
LEADER 02757nam a2200541 i 4500
001 311759
003 CZ PrSKC
005 20260601215711.0
007 ta
008 221128s2022 xr a c 000 f cze
015 |a cnb003474304 
020 |a 9788026444473  |q (vázáno) :  |c Kč 329,00 
035 |a (OCoLC)1357138785 
040 |a ABG001  |b cze  |e rda 
041 1 |a cze  |h ger 
072 7 |a 821.112.2-3  |x Německá próza, německy psaná  |2 Konspekt 
072 7 |a 821-93  |x Literatura pro děti a mládež (beletrie)  |2 Konspekt 
080 |a 821.112.2-31  |2 MRF 
080 |a 821-93  |2 MRF 
080 |a (0:82-312.9)  |2 MRF 
100 1 |a Bohlmann, Sabine,  |d 1969-  |7 xx0119868  |4 aut 
240 1 0 |a Waldgeflüster.  |l Česky 
245 1 0 |a Dívka jménem Willow.  |p Šepot lesa /  |c Sabine Bohlmannová ; z německého originálu Ein Mädchen namens Willow - Waldgeflüster ... přeložila Kristýna Lakomá 
246 3 0 |a Šepot lesa 
246 1 8 |a Willow 
250 |a 1. vydání 
264 1 |a V Brně :  |b CPress,  |c 2022 
300 |a 238 stran :  |b ilustrace ;  |c 22 cm 
336 |a text  |b txt  |2 rdacontent 
337 |a bez média  |b n  |2 rdamedia 
338 |a svazek  |b nc  |2 rdacarrier 
520 2 |a Pokračování dobrodružství Willow z čarodějného lesa a jejích třech kamarádek, mladých čarodějek.  |b Láska může být občas pěkně začarovaná. Kdyby se Valentýnina maminka zamilovala, nemuseli by se stěhovat a všechno by zůstalo při starém. Čtyři kamarádky se přece tolik těšily na léto ve Willowině čarodějném lese! Avšak s podomácku vyrobeným lektvarem lásky to nevyjde tak úplně podle plánu. Navíc musí Willow, Valentýna, Markéta a Lotti vyhnat tři kluky, kteří si v čarodějném lese bez zeptání staví stromový domek. Nakladatelská anotace. Kráceno. 
521 8 |a Pro čtenáře od 9 let 
655 7 |a německé romány  |7 fd132945  |2 czenas 
655 7 |a fantasy romány  |7 fd184199  |2 czenas 
655 7 |a publikace pro děti  |7 fd133156  |2 czenas 
655 9 |a German fiction  |2 eczenas 
655 9 |a fantasy novels  |2 eczenas 
655 9 |a children's literature  |2 eczenas 
700 1 |a Lakomá, Kristýna,  |d 1998-  |7 xx0279193  |4 trl 
765 1 |t Mädchen namens Willow 
787 0 8 |i Z cyklu:  |t Dívka jménem Willow  |g 2 
900 |a ABA001  |b 21 
928 9 |a Albatros Media - CPress 
044 |a xr 
910 |a RBIT002 
998 |d 364225  |a https://core.palmknihy.cz/api/books/364225/cover?siarzm  |b https://core.palmknihy.cz/api/books/364225/cover/400?siarzm  |c https://core.palmknihy.cz/api/books/364225/cover/50?siarzm  |e 2026-12-31  |g 240  |i 9788026444473  |k https://core.palmknihy.cz/api/books/364225/preview.pdf  |l   |q 49  |r 1  |s https://www.palmknihy.cz/kniha/364225  |t ebook  |y 2022  |z 0  |v Dívka jménem Willow  |w 2 
999 |d 311757